000 00264nam a2200109Ia 4500
008 190906s9999||||xx |||||||||||||| ||und||
100 _aTheodore F. Bogart, Jr.
245 0 _aElectric Circuits
260 _aNew York
_bViva Books
_c1992
300 _a933
942 _cBK
999 _c5939
_d5939